02744 2200805 4500001002100000005001500021035002000036245007700056100002300133300002000156700003100176260002900207082001000236084001600246020002200262650002200284520052000306008004100826990002100867990002100888990002100909990002100930990002100951990002100972990002100993990002101014990002101035990002101056990002101077990002101098990002101119990002101140990002101161990002101182990002101203990002101224990002101245990002101266990002101287990002101308990002101329990002101350990002101371990002101392990002101413990002101434990002101455990002101476990002101497990002101518990002101539990002101560990002101581990002101602990002101623990002101644990002101665990002101686990002101707990002101728990002101749990002101770990002101791990002101812990002101833990002101854990002101875990002101896990002101917INLIS00000000001429620231114025522 a0010-11230000291 aRASA RUMAH :bCita rasa masakan Indonesia = Indonesian cooking made easy0 aMelissa Ann Sugeng a56 hlm.; 25 cm.0 aAdryana Putri (Ilustrator) aJakarta :bEsensi,c2019 a641.5 a641.5 MEL r a978-602-6847-80-5 aMasakan Indonesia aRasa Rumah adalah buku masak yang khusus ditujukan untuk menyederhanakan proses memasak masakan Nusantara. Dibuat bagi para pecinta kuliner Indonesia yang tidak memiliki akses bahan, peralatan memasak, atau waktu yang cukup, semua resep dalam Rasa Rumah dibuat menggunakan bahan-bahan dari swalayan umum. Langkah-langkah pembuatannya pun dirancang seefisien mungkin dengan berbagai kreativitas dan variasi bahan serta proses memasak. Dengan 22 resep masakan Nusantara yang mudah, ayo masak bersama Rasa Rumah!231114 g 0 ind  a023.2442/PC/2023 a023.2441/PC/2023 a023.2440/PC/2023 a023.2442/PC/2023 a023.2441/PC/2023 a023.2440/PC/2023 a023.2440/PC/2023 a023.2441/PC/2023 a023.2440/PC/2023 a023.2442/PC/2023 a023.2440/PC/2023 a023.2441/PC/2023 a023.2455/PC/2023 a023.2456/PC/2023 a023.2457/PC/2023 a023.2441/PC/2023 a023.2440/PC/2023 a023.2442/PC/2023 a023.2455/PC/2023 a023.2456/PC/2023 a023.2457/PC/2023 a023.2455/PC/2023 a023.2440/PC/2023 a023.2441/PC/2023 a023.2442/PC/2023 a023.2456/PC/2023 a023.2457/PC/2023 a023.2456/PC/2023 a023.2440/PC/2023 a023.2441/PC/2023 a023.2442/PC/2023 a023.2455/PC/2023 a023.2457/PC/2023 a023.2442/PC/2023 a023.2440/PC/2023 a023.2441/PC/2023 a023.2455/PC/2023 a023.2456/PC/2023 a023.2457/PC/2023 a023.2457/PC/2023 a023.2440/PC/2023 a023.2441/PC/2023 a023.2442/PC/2023 a023.2455/PC/2023 a023.2456/PC/2023 a023.2440/PC/2023 a023.2441/PC/2023 a023.2442/PC/2023 a023.2455/PC/2023 a023.2456/PC/2023 a023.2457/PC/2023